000 00324nam a2200121Ia 4500
005 20260328101516.0
008 260328s9999||||xx |||||||||||||| ||und||
100 _aGraeff, Edgar
245 0 _aArquitectura Contemporánea en Brasil /
_cEdgar Graeff
260 _bGertum Carneiro
650 _aARQUITECTURA REGIONAL
942 _cBK
999 _c9380
_d9380